Statistics for Biggest Cities in Indiana in 1950

Click here to take the quiz!

General Stats

  • This quiz has been taken 49 times
  • The average score is 13 of 20

Answer Stats

PopulationCountyAnswer% Correct
427,173MarionIndianapolis
100%
133,607AllenFort Wayne
97%
133,911LakeGary
97%
128,636VanderbaughEvansville
94%
115,911St. JosephSouth Bend
94%
28,160MonroeBloomington
81%
87,595LakeHammond
72%
35,558TippecanoeLafayette
67%
58,479DelawareMuncie
67%
64,214VigoTerre Haute
67%
38,672HowardKokomo
64%
28,395LaPorteMichigan City
61%
35,646ElkhartElkhart
56%
46,820MadisonAnderson
53%
54,263LakeEast Chicago
50%
32,913St. JosephMishawaka
50%
29,346FloydNew Albany
47%
39,539WayneRichmond
36%
30,081GrantMarion
33%
21,031CassLogansport
22%

Score Distribution

Percentile by Number Answered

Percent of People with Each Score

Your Score History

You have not taken this quiz